000 00533nam a2200193Ia 4500
005 20250508162755.0
008 008 250505s9999 xx 000 0 eng d
037 _aTextual
040 _aFEDL
_beng
_cFEDL
041 _aeng
_2eng
084 _a410, VER
_qFEDL
100 _aVerma S K
245 0 _aModern linguistics: An introduction
260 _aDelhi, India
_bOxford University Press
_c1989
300 _aix,380p
700 _a Krishnaswamy N
_9774023
942 _cTEXL
_h410, VER
999 _c1378629
_d1378629